01872nam a22003137a 4500001000400000003000400004005001700008008004100025020001500066040000800081041001300089082001500102100003100117240003400148245008300182260003200265300001100297490003000308520103700338650002301375650001801398650001301416650001301429650001601442655001201458655001601470700004201486830003001528358OSt20250528074019.0250401b |||||||e |||| 00| f eng d a8574024899 bpor hengapor a823bC754l aConrad, Josephd1857- 1924 aThe shadow-line: a confession aA linha de Sombra /c Conrad, Joseph ; Tradução de Maria Antonia Van Acker aSão Paulo bO Globoc2003 a159 p.1 aBiblioteca Folhavvol. 06 aSem nenhum motivo aparente, um jovem da marinha mercante inglesa resolve abandonar a vida no mar. Está decidido a partir do distante porto oriental onde se encontra para regressar ao país de origem. Mas surge uma última missão e o jovem assume o comando de um velho navio atracado em Bancoc (Tailândia), cujo capitão morrera recentemente em circunstâncias misteriosas. Sofrendo com as tempestades, a tripulação doente e uma ameaçadora sensação de aniquilamento, o protagonista tenta conduzir o navio a seu destino, ao mesmo tempo em que se deixa levar pelas estranhas histórias de seu imediato, consumido pela febre. Com domínio total da psicologia das personagens e da situação-limite que vivem, Joseph Conrad (1867-1924) reflete nesta novela, a partir de elementos de sua própria biografia, sobre o rito de passagem entre a juventude e a idade madura - passagem que ele mesmo experimentou ao abandonar a relativamente autônoma vida marítima pela incerta experiência literária.  0aLiteratura Inglesa 0aPsicológico 0aAventura 0aSuspense 0aClássicos 0aRomance 0aFicção  aMaria Antonia Van AckereTradução aBiblioteca Folhavvol. 06